000 00521nam a2200181Ia 4500
005 20250508161736.0
008 008 250505s9999 xx 000 0 eng d
037 _aTextual
040 _aFEDL
_beng
_cFEDL
041 _aeng
_2eng
084 _a378, MUE
_qFEDL
100 _aMueller Kate Hevner
_9766773
245 0 _aStudent personnel work in higher education
260 _aBoston, USA
_bHoughton Mifflin Company
_c1961
300 _axiv,570p.
942 _cTEXL
_h378, MUE
999 _c1371833
_d1371833